<?xml version="1.0" encoding="UTF-8"?>
<record
    xmlns:xsi="http://www.w3.org/2001/XMLSchema-instance"
    xsi:schemaLocation="http://www.loc.gov/MARC21/slim http://www.loc.gov/standards/marcxml/schema/MARC21slim.xsd"
    xmlns="http://www.loc.gov/MARC21/slim">

  <leader>01117nam a22002417a 4500</leader>
  <controlfield tag="005">20170123164157.0</controlfield>
  <datafield tag="010" ind1=" " ind2=" ">
    <subfield code="a">B-211519</subfield>
  </datafield>
  <datafield tag="020" ind1=" " ind2=" ">
    <subfield code="a">8190402102</subfield>
    <subfield code="c">120.00</subfield>
  </datafield>
  <datafield tag="035" ind1=" " ind2=" ">
    <subfield code="a">B-211519</subfield>
  </datafield>
  <datafield tag="037" ind1=" " ind2=" ">
    <subfield code="a">Cen Lib / Ret</subfield>
  </datafield>
  <datafield tag="040" ind1=" " ind2=" ">
    <subfield code="a">DPL</subfield>
    <subfield code="b">PN</subfield>
  </datafield>
  <datafield tag="082" ind1=" " ind2=" ">
    <subfield code="a">260.2</subfield>
    <subfield code="b">&#xA28;&#xA30;&#xA3F;&#xA70;&#xA26;</subfield>
  </datafield>
  <datafield tag="100" ind1=" " ind2=" ">
    <subfield code="a">&#xA28;&#xA30;&#xA3F;&#xA70;&#xA26;&#xA30; &#xA28;&#xA3F;&#xA30;&#xA1B;&#xA32; </subfield>
    <subfield code="9">131677</subfield>
  </datafield>
  <datafield tag="245" ind1=" " ind2=" ">
    <subfield code="a">&#xA17;&#xA41;&#xA30;&#xA42; &#xA28;&#xA3E;&#xA28;&#xA15; &#xA26;&#xA47;&#xA35; &#xA1C;&#xA40; &#xA26;&#xA40;&#xA06;&#xA02; &#xA35;&#xA3E;&#xA30;&#xA3E;&#xA02; :</subfield>
    <subfield code="b">&#xA38;&#xA30;&#xA42;&#xA2A; &#xA05;&#xA24;&#xA47; &#xA35;&#xA3F;&#xA38;&#xA3C;&#xA32;&#xA47;&#xA38;&#xA3C;&#xA23; </subfield>
    <subfield code="c">&#xA28;&#xA30;&#xA3F;&#xA70;&#xA26;&#xA30; &#xA28;&#xA3F;&#xA30;&#xA1B;&#xA32; : (Punjabi) /           </subfield>
  </datafield>
  <datafield tag="246" ind1=" " ind2=" ">
    <subfield code="a">Guru nanak dev ji dian varan : saroop ate vishleshan : punjabi /</subfield>
    <subfield code="b">by Narinder Nirchhal </subfield>
  </datafield>
  <datafield tag="260" ind1=" " ind2=" ">
    <subfield code="a">&#xA2A;&#xA1F;&#xA3F;&#xA06;&#xA32;&#xA3E;</subfield>
    <subfield code="b">&#xA17;&#xA41;&#xA30;&#xA2E;&#xA24;&#xA3F; &#xA2A;&#xA4D;&#xA30;&#xA15;&#xA3E;&#xA38;&#xA3C;&#xA28; </subfield>
    <subfield code="c">2006</subfield>
  </datafield>
  <datafield tag="270" ind1=" " ind2=" ">
    <subfield code="a">&#xA10;&#xA28;. &#xA06;&#xA08;. &#xA1C;&#xA40;. 13, &#xA05;&#xA30;&#xA2C;&#xA28; &#xA05;&#xA38;&#xA1F;&#xA47;&#xA1F; &#xA2B;&#xA47;&#xA38;</subfield>
    <subfield code="b">&#xA2A;&#xA1F;&#xA3F;&#xA06;&#xA32;&#xA3E;</subfield>
  </datafield>
  <datafield tag="300" ind1=" " ind2=" ">
    <subfield code="a">111p.</subfield>
    <subfield code="b">23cm(Hb)</subfield>
  </datafield>
  <datafield tag="650" ind1=" " ind2=" ">
    <subfield code="a">&#xA2A;&#xA70;&#xA1C;&#xA3E;&#xA2C;&#xA40; &#xA38;&#xA3E;&#xA39;&#xA3F;&#xA24;</subfield>
    <subfield code="v">&#xA2A;&#xA70;&#xA1C;&#xA3E;&#xA2C;&#xA40; &#xA38;&#xA3E;&#xA39;&#xA3F;&#xA24;-&#xA1C;&#xA40;&#xA35;&#xA28;&#xA40;</subfield>
    <subfield code="9">3695</subfield>
  </datafield>
  <datafield tag="650" ind1=" " ind2=" ">
    <subfield code="a">Punjabi literature </subfield>
    <subfield code="9">131678</subfield>
  </datafield>
  <datafield tag="650" ind1=" " ind2=" ">
    <subfield code="a">Nanak, -- Guru </subfield>
    <subfield code="9">131679</subfield>
  </datafield>
  <datafield tag="942" ind1=" " ind2=" ">
    <subfield code="2">ddc</subfield>
    <subfield code="c">PN</subfield>
    <subfield code="h">260.2 </subfield>
    <subfield code="m">&#xA28;&#xA30;&#xA3F;&#xA70;&#xA26;</subfield>
  </datafield>
  <datafield tag="999" ind1=" " ind2=" ">
    <subfield code="c">110800</subfield>
    <subfield code="d">110800</subfield>
  </datafield>
  <datafield tag="952" ind1=" " ind2=" ">
    <subfield code="0">0</subfield>
    <subfield code="1">0</subfield>
    <subfield code="4">0</subfield>
    <subfield code="7">0</subfield>
    <subfield code="a">L</subfield>
    <subfield code="b">L</subfield>
    <subfield code="d">2016-02-08</subfield>
    <subfield code="e">Cen Lib/Ret</subfield>
    <subfield code="g">120.00</subfield>
    <subfield code="l">0</subfield>
    <subfield code="o">260.2 &#xA28;&#xA30;&#xA3F;&#xA70;&#xA26;</subfield>
    <subfield code="p">B-211519</subfield>
    <subfield code="r">2016-02-08 00:00:00</subfield>
    <subfield code="t">1</subfield>
    <subfield code="v">120.00</subfield>
    <subfield code="w">2016-02-08</subfield>
    <subfield code="y">PN</subfield>
  </datafield>
</record>
